000
00342nam a2200157Ia 4500
008
230605s1994 xx 000 0 und d
041
_a
eng
100
_a
Arora
245
_a
Theory of cookery
260
_b
Frank Brothers & Co.
_c
1994
300
_a
303p
365
_h
15
520
_a
General
520
_a
Hard Board
650
_a
F.Pro
999
_c
420011
_d
420011